Habitar el patrimonio

Salvato in:
Dettagli Bibliografici
Autore principale: Halpert, Mirta (Autore)
Natura: Libro
Lingua:spagnolo
Pubblicazione: Santiago Universidad Central 2007
Edizione:1a. ed
Soggetti:
Tags: Aggiungi Tag
Nessun Tag, puoi essere il primo ad aggiungerne!!

MARC

LEADER 00000nam a2200000 a 4500
001 UCH4942
003 CL-VaPUC
008 090910e20070000CL |||||||||||||||||spa|d
020 |a 9789567134854 
082 0 4 |a 711.409  |b HAL  |2 21 
100 0 |a Halpert, Mirta  |e author  |9 541013 
245 1 0 |a Habitar el patrimonio 
250 |a 1a. ed 
300 |a 258 p 
942 |c BK 
945 |d 20090910 00:00:00  |a dcastane 
260 |a Santiago  |b Universidad Central  |c 2007 
650 0 |a Urbanización   |9 265706 
650 0 |a Espacios públicos  |9 468964 
650 0 |a Planificación urbana   |9 258176 
650 0 |a Identidad cultural  |9 319131 
650 0 |a Ciudades  |9 265474 
583 |a last modification  |c 20090910 00:00:00  |k Rodrigo Vera 
999 |c 336173  |d 336171 
952 |0 0  |1 0  |4 0  |6 711_409000000000000_HAL_2007  |7 0  |8 X  |9 427150  |a FDOBUD  |b FDOBUD  |d 2019-11-22  |i 4597842  |o 711.409 HAL 2007  |p 4597842  |r 2019-11-22  |w 2019-11-22  |y BK_X  |k BUD